000 00370nam a2200145Ia 4500
005 20251222151332.0
008 251222s9999||||xx |||||||||||||| ||spa||
020 _a9789972972850
082 _a363.8/M84
100 _aMontibeller Ardiles, Moraima
245 0 _aLos Alimentos en el Mundo Andino
250 _a1ra.ed.
264 _bEditorial Cuzco S.A.C.
942 _cLIB
999 _c24120
_d24120